Daddy's getting married / (Record no. 728526)

MARC details
000 -LEADER
fixed length control field 00983nam a2200265 b 4500
003 - CONTROL NUMBER IDENTIFIER
control field 3228
005 - DATE AND TIME OF LATEST TRANSACTION
control field 20250903100526.0
008 - FIXED-LENGTH DATA ELEMENTS--GENERAL INFORMATION
fixed length control field 220726s9999 xx 000 0 und d
020 ## - INTERNATIONAL STANDARD BOOK NUMBER
International Standard Book Number 9781770075313 (paperback)
040 ## - CATALOGING SOURCE
Original cataloging agency MPL
Transcribing agency 3228
Description conventions Resource Description and Access
041 ## - LANGUAGE CODE
Language code of text/sound track or separate title english
082 #0 - DEWEY DECIMAL CLASSIFICATION NUMBER
Classification number EJF MOOR
100 ## - MAIN ENTRY--PERSONAL NAME
Personal name Moore-Mallinos, Jennifer
9 (RLIN) 162651
240 ## - UNIFORM TITLE
Uniform title Mi papá se casa.
Language of a work English
245 #0 - TITLE STATEMENT
Title Daddy's getting married /
Statement of responsibility, etc. text: Jennifer Moore-Mallinos ; illustrations: Marta Fàbrega.
260 ## - PUBLICATION, DISTRIBUTION, ETC.
Place of publication, distribution, etc. Cape Town :
Name of publisher, distributor, etc. Struik Publishers,
Date of publication, distribution, etc. 2007.
300 ## - PHYSICAL DESCRIPTION
Extent 31 pages :
Other physical details colour illustrations ;
Dimensions 24 cm.
490 ## - SERIES STATEMENT
Series statement Let's talk about it!
500 ## - GENERAL NOTE
General note English translation from the Spanish of: Mi papá se casa. Barcelona
650 #0 - SUBJECT ADDED ENTRY--TOPICAL TERM
9 (RLIN) 196428
Topical term or geographic name entry element Remarriage
General subdivision Juvenile literature
650 #0 - SUBJECT ADDED ENTRY--TOPICAL TERM
9 (RLIN) 181819
Topical term or geographic name entry element Children of divorced parents
Form subdivision Juvenile fiction
650 #0 - SUBJECT ADDED ENTRY--TOPICAL TERM
9 (RLIN) 196429
Topical term or geographic name entry element Stepparents
General subdivision Juvenile literature
700 ## - ADDED ENTRY--PERSONAL NAME
9 (RLIN) 196430
Personal name Fb̉rega, Marta
Relator term illustrator
942 ## - ADDED ENTRY ELEMENTS
item type Book
Source of classification or shelving scheme Dewey Decimal Classification
-- 175
-- Naomi Ntsimane
Holdings
Withdrawn status Lost status Damaged status Not for loan Home library Current library Date acquired Total Checkouts Full call number Barcode Date last seen Price effective from item type Source of classification or shelving scheme Collection code Shelving location Cost, normal purchase price
        Standerton Regional Library Bethal 03.09.2025   EJF MOOR 3228200046011 03.09.2025 03.09.2025 Book Dewey Decimal Classification Fiction Children's Area 280.00
        Standerton Regional Library Evander 03.09.2025   EJF MOOR 3228200045876 03.09.2025 03.09.2025 Book Dewey Decimal Classification Fiction Children's Area 280.00
        Lebohang Lebohang 26.07.2022   EKF MOOR 31722 26.07.2022 26.07.2022 Books        
        Standerton Regional Library Nthoroane 03.09.2025   EJF MOOR 3228200045877 03.09.2025 03.09.2025 Book Dewey Decimal Classification Fiction Children's Area 280.00
        Standerton Regional Library Secunda 03.09.2025   EJF MOOR 3228200045875 03.09.2025 03.09.2025 Book Dewey Decimal Classification Fiction Children's Area 280.00
        Standerton Regional Library Thistle Grove 03.09.2025   EJF MOOR 3228200045874 03.09.2025 03.09.2025 Book Dewey Decimal Classification Fiction Children's Area 280.00